=LDR 00000nam 2200000 4500 =001 000713 =005 20250711090151 =035 ##$$a 0010-0725000581 =007 ta =008 250711################a##########0#ind## =020 ##$$a 978-623-472-576-6 =082 ##$$a 398.209 598 =084 ##$$a 398.209 598 NIL h =100 #$$a Nilekani, Rohini =245 1#$$a Hari Potong Rambut Tahunan /$c Rohini Nilekani =250 ##$$a Cetakan Pertama =260 ##$$a Jakarta Timur :$b Badan Pengembangan dan Pembinaan Bahasa,$c 2024 =300 ##$$a 28 hlm. : $b ilus. ; $c 22,9 cm =650 #4$$a Cerita Anak Indonesia-Terjemahan =650 #4$$a Literasi-Bahan Bacaan =856 ##$$a TBM As Suhada =990 ##$$a TBM202400487